007370000a22001570004500090001400000245016100014041001300175500004500188700003200233700003000265100003000295942001300325773005000338999001700388952017400405 aARb0417210aDiversity, distinctiveness and conservation status of the mediterranean coastal dung beetle assemblage in the regional natural park of the Camargue (France)0 aInglés a1 aLumaret, Jean Pierre9980801 aJay Robert, Pierre9980811 aLobo, Jorge Miguel998082 cARTICULO1 tDiversity and distributionsh7q257-270d2001 c13270d13270 001040718HEMEROTECAaBogotabBogotad2006-11-08eTrujillo, DiegohFuera de circulaciónl0oAR 04172p023607r2015-03-25 00:00:00t1w2015-03-25xEntregadoyARTICULO